Phẫu thuật tiêu hóa trẻ em

Enregistré dans:
Détails bibliographiques
Auteur principal: Nguyễn Thanh Liêm
Format: Livre
Langue:Undetermined
Publié: Hà Nội Y Học 2000
Sujets:
Tags: Ajouter un tag
Pas de tags, Soyez le premier à ajouter un tag!
Thư viện lưu trữ: Trung tâm Học liệu Trường Đại học Cần Thơ
LEADER 00586nam a2200193Ia 4500
001 CTU_43668
008 210402s9999 xx 000 0 und d
020 |b 54.000đ 
082 |a 617.430083 
082 |b L304 
100 |a Nguyễn Thanh Liêm 
245 0 |a Phẫu thuật tiêu hóa trẻ em 
245 0 |c Nguyễn Thanh Liêm 
260 |a Hà Nội 
260 |b Y Học 
260 |c 2000 
650 |a digestive organs - diseases,digestive organs - surgery,pediatric surgery 
904 |i Minh, 011002 
980 |a Trung tâm Học liệu Trường Đại học Cần Thơ